Score 0/25 Timer 10:00
6 Plays Today
% Correct
Jelly
93.7%
Heart Attack
92.3%
Men's Room
92%
Jessica Rabbit
91.7%
Donald Duck
91.3%
Perfection
90.7%
Talking Puppy
90.1%
Nineteen
89.8%
Cameras
89.7%
Drinking
89.6%
Tulsa
88.9%
Chanandler Bong
88.6%
Kids
87.7%
% Correct
Underpants
86.9%
Married
85.9%
Parachute
85.6%
Blue
85.3%
Plane
84.1%
Naked
83.5%
Laser Eye
83%
Violated
81.4%
Rhythm
81.3%
Dinosaur Twins
79.2%
Weird Al
70.8%
Clint
70.8%
Remove Ads.
Support Sporcle.
Get the best of Sporcle when you Go Orange. This ad-free experience offers more features, more stats, and more fun while also helping to support Sporcle. Thank you for becoming a member.

You're not logged in!

Compare scores with friends on all Sporcle quizzes.
OR
Log In

Show Comments

Extras

Top Quizzes Today


Score Distribution

Your Account Isn't Verified!

In order to create a playlist on Sporcle, you need to verify the email address you used during registration. Go to your Sporcle Settings to finish the process.

Report this User

Report this user for behavior that violates our Community Guidelines.

Details: